| 000 | 00467nam a22001577a 4500 | ||
|---|---|---|---|
| 020 | _a978-9672864134 | ||
| 082 |
_a301.01 _bNEU |
||
| 100 | _aLawrence, Neuman, W. | ||
| 245 |
_aSocial Research Methods : Qualitative and Quantitative Approaches / _cNeuman, W. Lawrence. |
||
| 250 | _a8th Edition. | ||
| 260 |
_aIndia: _bPearson, _c2021. |
||
| 300 | _axiv, 544p. : | ||
| 563 | _aPB | ||
| 650 |
_aSociology--Research--Methodology _9128640 |
||
| 942 |
_2ddc _cBK |
||
| 999 |
_c613545 _d613545 |
||